دونیا کی کہانی / (Record no. 172663)

MARC details
000 -LEADER
fixed length control field 00548nam a22001937a 4500
005 - DATE AND TIME OF LATEST TRANSACTION
control field 20200210151506.0
010 ## - LCCN (DPL NO)
LC control number 394118
020 ## - INTERNATIONAL STANDARD BOOK NUMBER
Terms of availability 3.50
035 ## - SYSTEM CONTROL NUMBER
System control number 394118
037 ## - SOURCE OF ACQUISITION
Source of stock number/acquisition BPPD/Pub.
082 ## - DEWEY DECIMAL CLASSIFICATION NUMBER
Classification number 900
100 ## - MAIN ENTRY--PERSONAL NAME
Personal name محمد مجیب
245 ## - TITLE STATEMENT
Title دونیا کی کہانی /
Statement of responsibility, etc محمد مجیب
246 ## - VARYING FORM OF TITLE
Title proper/short title Duniya Ki Kahani (Urdu) /
Remainder of title by Mohammed Mujeeb
260 ## - PUBLICATION, DISTRIBUTION, ETC. (IMPRINT)
Place of publication, distribution, etc New Delhi
Name of publisher, distributor, etc Maktaba Jamia
Date of publication, distribution, etc 1965 ء
270 ## - ADDRESS
Address Jamia Nagar
City New Delhi
Postal code 110025
300 ## - PHYSICAL DESCRIPTION
Extent 203p.
Dimensions 19cm(Hb)
942 ## - ADDED ENTRY ELEMENTS (KOHA)
Source of classification or shelving scheme Dewey Decimal Classification
Item type Urdu Bks
Classification part 900
Call number suffix م ح م
Holdings
Withdrawn status Lost status Not for loan Collection code Home library Current library Date acquired Source of acquisition Cost, normal purchase price Full call number Barcode Copy number Cost, replacement price Koha item type
      Non-fiction Central Library Central Library 10/02/2020 BPPD/Ven. 3.50 900 م ح م 394118 1 3.50 Urdu Bks

© Delhi Public Library
Hit Counter
free hit counter